000
00263nam a2200109Ia 4500
008
220204s9999 xx 000 0 und d
082
_a
028.2875
_b
TAG
100
_a
Tager, A
245
0
_a
Physical chemistry of polymers
260
_a
Moscow
_b
Mir
_c
1978
942
_c
BK
999
_c
34193
_d
34193